Statistics for AS Roma Managers

Click here to take the quiz!

General Stats

  • This quiz has been taken 20 times
    (5 since last reset)
  • The average score is 16 of 17

Answer Stats

YearManager% Correct
February 2013-June 2013Aurelio Andreazzoli
100%
March 2019-June 2019Claudio Ranieri
100%
August 2009-February 2011Claudio Ranieri
100%
January 2024-PresentDaniele de Rossi
100%
June 2017-March 2019Eusebio Di Francesco
100%
June 1999- May 2004Fabio Capello
100%
July 2021-January 2024José Mourinho
100%
June 2005-August 2009Luciano Spalletti
100%
January 2016-May 2017Luciano Spalletti
100%
July 2011-May 2012Luis Enrique
100%
July 2019-June 2021Paulo Fonseca
100%
July 2013-January 2016Rudi Garcia
100%
August 2004-September 2004Rudi Völler
100%
February 2011-June 2011Vincenzo Montella
100%
June 2012-February 2013Zdenek Zeman
100%
September 2004-March 2005Luigi Delneri
75%
March 2005-June 2005Bruno Conti
50%

Score Distribution

Percentile by Number Answered

Percent of People with Each Score

Your Score History

You have not taken this quiz since the last reset